000 00201 a2200097 4500
001 3244
100 _aHoess, R
245 _aCommandant of auschwilz
260 _a
_bWeidenfeld
_c
090 _c2524
_d2524
942 _aNUST-CAE
_cM
_c16936
999 _c238317
_d238317